[Event "FIDE WRBTC Blitz-Pool 2024"]
[Site "Astana"]
[Date "2024.08.05"]
[Round "7.37"]
[White "Sindarov, Javokhir"]
[Black "Kassimov, Baurzhan"]
[Result "1-0"]
[WhiteElo "2674"]
[BlackElo "2260"]
[Annotator "ChessBase"]
[PlyCount "67"]
[EventDate "2024.08.01"]
[EventType "team-tourn"]
[EventCountry "KAZ"]
[SourceTitle "playchess.com"]
[Source "ChessBase"]
[SourceQuality "1"]

1. e4 c5 2. Nf3 d6 3. d4 cxd4 4. Nxd4 Nf6 5. Bd3 g6 6. h3 Bg7 7. c4 O-O 8. Nc3 Nc6 9. Be3 Nxd4 10. Bxd4 Be6 11. O-O Rc8 12. b3 Nd7 13. Bxg7 Kxg7 14. Re1 a6 15. Rc1 Qa5 16. Bf1 Kg8 17. Nd5 Rfe8 18. a4 Bxd5 19. exd5 Qc5 20. Qd2 a5 21. Re3 Qc7 22. h4 Nc5 23. h5 e5 24. dxe6 Rxe6 25. Rxe6 Nxe6 26. g3 Nc5 27. h6 Qe7 28. Rd1 b6 29. Bg2 Rd8 30. Qc3 Qf8 31. Qf6 Nxb3 32. Re1 Nc5 33. Bd5 Ne6 34. Rxe6 1-0

[Event "FIDE WRBTC Blitz-Pool 2024"]
[Site "Astana"]
[Date "2024.08.05"]
[Round "7.37"]
[White "Williams, Justus"]
[Black "Annaberdiyev, Meylis"]
[Result "0-1"]
[WhiteElo "2361"]
[BlackElo "2431"]
[Annotator "ChessBase"]
[PlyCount "103"]
[EventDate "2024.08.01"]
[EventType "team-tourn"]
[EventCountry "KAZ"]
[SourceTitle "playchess.com"]
[Source "ChessBase"]
[SourceQuality "1"]

1. e4 c5 2. Nf3 Nc6 3. Bb5 Nf6 4. d3 Qa5+ 5. Nc3 Nd4 6. Bc4 b5 7. Bb3 Nxb3 8. cxb3 Bb7 9. O-O b4 10. Ne2 g6 11. e5 Nd5 12. Nd2 Bg7 13. Nc4 Qc7 14. d4 O-O 15. Nf4 Nb6 16. Re1 Nxc4 17. bxc4 cxd4 18. Qxd4 Rfc8 19. Bd2 d6 20. exd6 exd6 21. Qd3 Qxc4 22. Qxd6 Rd8 23. Qxb4 Qc6 24. Rac1 Qb6 25. Re7 Ba6 26. Qxb6 axb6 27. Bc3 Bh6 28. g3 Re8 29. Rce1 Rxe7 30. Rxe7 Rd8 31. Kg2 Bc4 32. Rc7 Bxa2 33. h4 Re8 34. Bf6 Bg7 35. Bxg7 Kxg7 36. Rc6 Rb8 37. Rc7 h5 38. Kf3 Kf6 39. Ra7 Bc4 40. Ke4 b5 41. Rd7 Re8+ 42. Kd4 Re1 43. Kc3 Rc1+ 44. Kb4 Rc2 45. b3 Rb2 46. Nd5+ Ke6 47. Nb6 Rxb3+ 48. Kc5 Rb2 49. Rd6+ Ke7 50. Nxc4 bxc4 51. Kxc4 Kxd6 52. Kd4 0-1

[Event "FIDE WRBTC Blitz-Pool 2024"]
[Site "Astana"]
[Date "2024.08.05"]
[Round "7.38"]
[White "Nukin, Askhat"]
[Black "Vokhidov, Shamsiddin"]
[Result "1-0"]
[WhiteElo "2268"]
[BlackElo "2643"]
[Annotator "ChessBase"]
[PlyCount "149"]
[EventDate "2024.08.01"]
[EventType "team-tourn"]
[EventCountry "KAZ"]
[SourceTitle "playchess.com"]
[Source "ChessBase"]
[SourceQuality "1"]

1. e4 c5 2. Nf3 Nc6 3. Bb5 Nf6 4. Bxc6 dxc6 5. d3 Qc7 6. h3 e5 7. b3 Be7 8. Bb2 Nd7 9. a4 f6 10. Nbd2 Nf8 11. Nc4 Ne6 12. g3 Nd4 13. Nxd4 cxd4 14. Ba3 Bxa3 15. Rxa3 O-O 16. h4 f5 17. exf5 Bxf5 18. O-O Bh3 19. Re1 Qf7 20. Qe2 Rae8 21. Nd2 Bg4 22. Qf1 Qh5 23. Raa1 Rf5 24. Qg2 Ref8 25. Rf1 g5 26. hxg5 Be2 27. Rae1 Bxf1 28. Rxf1 Qxg5 29. Ne4 Qg6 30. Qh3 Rf4 31. Qd7 R4f7 32. Qh3 h5 33. Qh4 Qg4 34. Qg5+ Qxg5 35. Nxg5 Rf5 36. Ne4 b6 37. a5 b5 38. Kg2 Kg7 39. b4 Kg6 40. Nd6 R5f6 41. Ne4 Rf3 42. Nc5 R3f7 43. Ne6 Rh8 44. Rh1 h4 45. gxh4 Kf5 46. Ng5 Rg7 47. Rh3 Rh5 48. Rf3+ Kg4 49. Rg3+ Kf5 50. Ne4 Rgh7 51. Rf3+ Ke6 52. Rf6+ Kd7 53. Rg6 Rxh4 54. Nf6+ Kc7 55. Nxh7 Rxh7 56. Kf3 Rf7+ 57. Kg3 Re7 58. Kf3 Rf7+ 59. Kg3 Re7 60. Kf3 Rf7+ 61. Kg3 Re7 62. Rf6 e4 63. dxe4 Rxe4 64. Rf7+ Kd6 65. Rxa7 Re2 66. Ra8 Rxc2 67. Rd8+ Ke5 68. Re8+ Kd5 69. f4 d3 70. f5 d2 71. f6 Rc1 72. f7 d1=Q 73. Rd8+ Ke6 74. Rxd1 Rc3+ 75. Kf4 1-0

[Event "FIDE WRBTC Blitz-Pool 2024"]
[Site "Astana"]
[Date "2024.08.05"]
[Round "7.38"]
[White "Halynyazov, Vepaly"]
[Black "Ishmukhametov, Adil"]
[Result "1-0"]
[WhiteElo "2049"]
[BlackElo "2077"]
[Annotator "ChessBase"]
[PlyCount "165"]
[EventDate "2024.08.01"]
[EventType "team-tourn"]
[EventCountry "KAZ"]
[SourceTitle "playchess.com"]
[Source "ChessBase"]
[SourceQuality "1"]

1. d4 d5 2. c4 e6 3. Nf3 Nf6 4. Bg5 Nbd7 5. Nc3 c6 6. e3 Qa5 7. Bxf6 Nxf6 8. Nd2 Bb4 9. Qc2 e5 10. dxe5 Ne4 11. Ndxe4 dxe4 12. Be2 Qxe5 13. O-O Bf5 14. Qb3 Bd6 15. g3 Rb8 16. Rfd1 O-O 17. Bf1 Bc7 18. Qa3 a6 19. c5 h5 20. Ne2 h4 21. Qc3 hxg3 22. Qxe5 gxf2+ 23. Kxf2 Bxe5 24. Ng3 Bxg3+ 25. Kxg3 Rfd8 26. Kf4 Bg6 27. Bh3 Kf8 28. Rd6 Ke7 29. Rad1 Rxd6 30. cxd6+ Kf6 31. d7 Rd8 32. Rd4 Ke7 33. Rb4 b5 34. Rd4 f6 35. a4 Bh7 36. axb5 axb5 37. Rd1 g5+ 38. Kg3 f5 39. Rf1 Rf8 40. Rd1 f4+ 41. Kf2 Rd8 42. Bg4 Bg6 43. Rc1 Kd6 44. Rd1+ Kc7 45. Rc1 Rh8 46. h3 Rf8 47. Rc5 fxe3+ 48. Kxe3 Rd8 49. Rxg5 Bf7 50. Kxe4 Bd5+ 51. Kd4 Kb6 52. h4 Bb3 53. h5 Bc2 54. b4 Kc7 55. Kc5 Rf8 56. Kd4 Rf4+ 57. Ke3 Rf8 58. Rg7 Rh8 59. Kd4 Kd6 60. Rg5 Rf8 61. Ke3 Bb1 62. h6 Rh8 63. Rg7 Kc7 64. Re7 Bg6 65. h7 Kd8 66. Rg7 Bxh7 67. Kd4 Kc7 68. Kc5 Be4 69. Re7 Rd8 70. Rxe4 Rf8 71. Re8 Rf4 72. Rc8+ Kb7 73. d8=Q Rc4+ 74. Kd6 Rd4+ 75. Ke7 Re4+ 76. Be6 Rxb4 77. Rc7+ Kb6 78. Rd7+ Kc5 79. Rd1 Rh4 80. Qd6+ Kb6 81. Rc1 Rh7+ 82. Bf7 Rh6 83. Qxh6 1-0

[Event "FIDE WRBTC Blitz-Pool 2024"]
[Site "Astana"]
[Date "2024.08.05"]
[Round "7.39"]
[White "Yakubboev, Nodirbek"]
[Black "Kozganbay, Erkin"]
[Result "1-0"]
[WhiteElo "2655"]
[BlackElo "2293"]
[Annotator "ChessBase"]
[PlyCount "50"]
[EventDate "2024.08.01"]
[EventType "team-tourn"]
[EventCountry "KAZ"]
[SourceTitle "playchess.com"]
[Source "ChessBase"]
[SourceQuality "1"]

1. d4 Nf6 2. Nf3 d6 3. g3 g6 4. Bg2 Bg7 5. O-O O-O 6. Re1 Nc6 7. d5 Na5 8. e4 Bg4 9. h3 Bxf3 10. Qxf3 b5 11. Qd3 Nc4 12. a4 Nd7 13. axb5 Nxb2 14. Qe2 Nb6 15. Ra2 N2c4 16. Nd2 Nxd2 17. Bxd2 e6 18. dxe6 fxe6 19. Kh2 Bd4 20. f4 e5 21. f5 Qc8 22. g4 a6 23. bxa6 d5 24. Rf1 Nc4 25. Bh6 Rf7 1-0

[Event "FIDE WRBTC Blitz-Pool 2024"]
[Site "Astana"]
[Date "2024.08.05"]
[Round "7.39"]
[White "Beisikenov, Eduard"]
[Black "Turayev, Shahruh"]
[Result "0-1"]
[WhiteElo "1821"]
[BlackElo "2097"]
[Annotator "ChessBase"]
[PlyCount "44"]
[EventDate "2024.08.01"]
[EventType "team-tourn"]
[EventCountry "KAZ"]
[SourceTitle "playchess.com"]
[Source "ChessBase"]
[SourceQuality "1"]

1. e4 d5 2. exd5 Qxd5 3. Nc3 Qa5 4. b4 Qxb4 5. Rb1 Qa5 6. Nf3 c6 7. a4 e6 8. Bc4 Nf6 9. O-O Bd6 10. Re1 O-O 11. Bb2 Nbd7 12. d4 Nb6 13. Bb3 Qh5 14. h3 Nbd5 15. Ne5 Qxd1 16. Nxd1 Nf4 17. Ne3 N6d5 18. N3c4 Bc7 19. Re4 f6 20. Nf3 Bd7 21. Ncd2 b5 22. axb5 cxb5 0-1

[Event "FIDE WRBTC Blitz-Pool 2024"]
[Site "Astana"]
[Date "2024.08.05"]
[Round "7.40"]
[White "Agajanova, Meryem"]
[Black "Ishmukhametova, Dilyara"]
[Result "1-0"]
[WhiteElo "2007"]
[BlackElo "1954"]
[Annotator "ChessBase"]
[PlyCount "86"]
[EventDate "2024.08.01"]
[EventType "team-tourn"]
[EventCountry "KAZ"]
[SourceTitle "playchess.com"]
[Source "ChessBase"]
[SourceQuality "1"]

1. d4 Nf6 2. c4 e6 3. g3 d5 4. Bg2 Be7 5. Nf3 O-O 6. O-O c5 7. cxd5 Nxd5 8. dxc5 Bxc5 9. Qc2 Bb6 10. Rd1 Qc7 11. Qxc7 Bxc7 12. Bd2 Nc6 13. Nc3 Nxc3 14. Bxc3 b6 15. Ne5 Bxe5 16. Bxc6 Bxc3 17. Bxa8 Bxb2 18. Rab1 Be5 19. Bc6 g6 20. a4 Ba6 21. Bb5 Bb7 22. Rd7 Be4 23. Rc1 a5 24. f4 Bf6 25. Kf2 Kg7 26. Ke3 Bd5 27. Rcc7 g5 28. Bc4 gxf4+ 29. gxf4 Bxc4 30. Rxc4 Rd8 31. Rxd8 Bxd8 32. Ke4 Be7 33. Kd4 Bf6+ 34. Kd3 Be7 35. e4 Bc5 36. Rc2 f5 37. exf5 exf5 38. Re2 Kf7 39. Kc4 Kf6 40. Kd5 Kf7 41. Ke5 Kg6 42. Rg2+ Kf7 43. Kxf5 Ke8 1-0

[Event "FIDE WRBTC Blitz-Pool 2024"]
[Site "Astana"]
[Date "2024.08.05"]
[Round "7.40"]
[White "Ulkhanov, Azamat"]
[Black "Vakhidov, Jakhongir"]
[Result "0-1"]
[WhiteElo "2006"]
[BlackElo "2571"]
[Annotator "ChessBase"]
[PlyCount "44"]
[EventDate "2024.08.01"]
[EventType "team-tourn"]
[EventCountry "KAZ"]
[SourceTitle "playchess.com"]
[Source "ChessBase"]
[SourceQuality "1"]

1. e4 c5 2. Nf3 g6 3. d4 cxd4 4. Nxd4 Bg7 5. c4 Nc6 6. Be3 Qb6 7. Nb5 Qa5+ 8. N5c3 d6 9. Be2 Qb4 10. Qc1 Bd4 11. Bxd4 Nxd4 12. O-O Nf6 13. Qd2 Nxe2+ 14. Qxe2 Bg4 15. f3 Be6 16. Na3 O-O 17. Rac1 Rac8 18. Ncb5 Qc5+ 19. Kh1 a6 20. Nc3 Bxc4 21. Qd2 Bxf1 22. Rxf1 b5 0-1

[Event "FIDE WRBTC Blitz-Pool 2024"]
[Site "Astana"]
[Date "2024.08.05"]
[Round "7.41"]
[White "Nurman, Alua"]
[Black "Momyn, Madina"]
[Result "1-0"]
[WhiteElo "2324"]
[BlackElo "1733"]
[Annotator "ChessBase"]
[PlyCount "105"]
[EventDate "2024.08.01"]
[EventType "team-tourn"]
[EventCountry "KAZ"]
[SourceTitle "playchess.com"]
[Source "ChessBase"]
[SourceQuality "1"]

1. e4 c6 2. d4 d5 3. e5 Bf5 4. Nf3 e6 5. Be2 Nd7 6. O-O Ne7 7. a4 Ng6 8. a5 Nh4 9. Ne1 Bg6 10. a6 b6 11. Na3 Bxa3 12. Rxa3 O-O 13. Nd3 c5 14. c3 Nf5 15. Nf4 Rc8 16. Bb5 cxd4 17. cxd4 Ne7 18. Rc3 Rxc3 19. bxc3 Qc7 20. Qb3 Rc8 21. Ba3 Nc6 22. Bd6 Qd8 23. Qa4 Ndb8 24. h3 Na5 25. Rc1 Nc4 26. Bxb8 Rxb8 27. Bxc4 dxc4 28. Qxc4 Be4 29. Re1 Rc8 30. Qb4 Ba8 31. g3 Qc7 32. d5 g5 33. Nh5 Qxc3 34. Nf6+ Kg7 35. Qe4 Rh8 36. Re3 Qc1+ 37. Kh2 Qc5 38. Qg4 h6 39. Nh5+ Kf8 40. Nf6 Kg7 41. Qf3 Bxd5 42. Nxd5 Qxd5 43. Qf6+ Kg8 44. Rc3 Qd7 45. h4 gxh4 46. Qxh4 Rh7 47. Qe4 Rg7 48. Rd3 Qc7 49. Rd6 Qe7 50. Rc6 Rg5 51. Rc8+ Kg7 52. Qb7 Qc5 53. Rxc5 1-0

[Event "FIDE WRBTC Blitz-Pool 2024"]
[Site "Astana"]
[Date "2024.08.05"]
[Round "7.41"]
[White "Sakenov, Askar"]
[Black "Ezizov, Muhammet"]
[Result "1-0"]
[WhiteElo "1715"]
[BlackElo "1909"]
[Annotator "ChessBase"]
[PlyCount "96"]
[EventDate "2024.08.01"]
[EventType "team-tourn"]
[EventCountry "KAZ"]
[SourceTitle "playchess.com"]
[Source "ChessBase"]
[SourceQuality "1"]

1. e4 e6 2. d4 b6 3. Nf3 Bb7 4. Nc3 Bb4 5. Bd3 Bxc3+ 6. bxc3 h6 7. O-O Ne7 8. a4 a5 9. c4 Na6 10. c3 d6 11. Rb1 Qd7 12. Be3 O-O 13. c5 dxc5 14. dxc5 Rfd8 15. Ne5 Qe8 16. Qe2 f6 17. Nf3 Qxa4 18. cxb6 cxb6 19. Rxb6 Bc8 20. Bxa6 Bxa6 21. Rxa6 Rxa6 22. Qxa6 Nc6 23. Nd4 Nxd4 24. cxd4 Kh7 25. Qxe6 Qb4 26. Qf5+ Kh8 27. Qc5 Qxc5 28. dxc5 a4 29. Ra1 a3 30. g3 a2 31. Rxa2 Kg8 32. Ra7 Rc8 33. Kg2 Rc6 34. Kf3 Kf8 35. Ke2 g5 36. Kd3 h5 37. Kc4 h4 38. Kd5 Rc8 39. c6 hxg3 40. hxg3 Rd8+ 41. Ke6 f5 42. c7 Re8+ 43. Kxf5 g4 44. Bg5 Rc8 45. Bd8 Ke8 46. Ke6 Kf8 47. Kd7 Kf7 48. Kxc8 Ke6 1-0

[Event "FIDE WRBTC Blitz-Pool 2024"]
[Site "Astana"]
[Date "2024.08.05"]
[Round "7.42"]
[White "Sholpanbek, Zhansaya"]
[Black "Zhunusov, Nurlan"]
[Result "0-1"]
[WhiteElo "1752"]
[BlackElo "1771"]
[Annotator "NA"]
[PlyCount "58"]
[EventDate "2024.08.01"]
[EventType "team-tourn"]
[EventCountry "KAZ"]
[SourceTitle "playchess.com"]
[Source "ChessBase"]
[SourceQuality "1"]

1. e4 Nf6 2. e5 Nd5 3. d4 Nb6 4. c4 d5 5. c5 N6d7 6. Nc3 e6 7. f4 g6 8. Nf3 b6 9. cxb6 axb6 10. Be3 c5 11. Be2 Nc6 12. O-O Be7 13. a3 Ba6 14. Nb5 O-O 15. Qd2 c4 16. Nc3 b5 17. f5 b4 18. axb4 Bxb4 19. f6 Qb6 20. Bh6 Rfe8 21. Bg7 Ncxe5 22. Ng5 Nd3 23. Nxh7 Qxd4+ 24. Kh1 Nf2+ 25. Rxf2 Qxd2 26. Kg1 Bc5 27. Rd1 Qxb2 28. Na4 Bxf2+ 29. Kxf2 Qb4 0-1

[Event "FIDE WRBTC Blitz-Pool 2024"]
[Site "Astana"]
[Date "2024.08.05"]
[Round "7.42"]
[White "Gein, Dmitriy"]
[Black "Khassenov, Mansur"]
[Result "0-1"]
[WhiteElo "1723"]
[BlackElo "1982"]
[Annotator "ChessBase"]
[PlyCount "58"]
[EventDate "2024.08.01"]
[EventType "team-tourn"]
[EventCountry "KAZ"]
[SourceTitle "playchess.com"]
[Source "ChessBase"]
[SourceQuality "1"]

1. c4 g6 2. d4 Nf6 3. Nc3 d5 4. cxd5 Nxd5 5. e4 Nxc3 6. bxc3 Bg7 7. Bc4 c5 8. Ne2 O-O 9. O-O Nc6 10. Be3 b6 11. Qd2 cxd4 12. cxd4 Bb7 13. Rfd1 Na5 14. Bd3 Rc8 15. Rac1 Qd7 16. d5 e6 17. dxe6 Qxe6 18. Nd4 Qd7 19. Bb5 Qe7 20. f3 Rfd8 21. Qf2 Rxc1 22. Rxc1 Bxd4 23. Bxd4 Qb4 24. Bf6 Rd6 25. e5 Rxf6 26. exf6 Qxb5 27. Qh4 Qh5 28. Qf4 h6 29. Qb8+ Kh7 0-1

[Event "FIDE WRBTC Blitz-Pool 2024"]
[Site "Astana"]
[Date "2024.08.05"]
[Round "7.43"]
[White "Bilguun, Sumiya"]
[Black "Altair, Almir"]
[Result "1-0"]
[WhiteElo "2470"]
[BlackElo "1546"]
[Annotator "ChessBase"]
[PlyCount "59"]
[EventDate "2024.08.01"]
[EventType "team-tourn"]
[EventCountry "KAZ"]
[SourceTitle "playchess.com"]
[Source "ChessBase"]
[SourceQuality "1"]

1. e4 c5 2. Nc3 Nc6 3. Bb5 d6 4. Bxc6+ bxc6 5. d3 Nf6 6. f4 g6 7. Nf3 Bg7 8. O-O O-O 9. Qe1 Ba6 10. Qh4 c4 11. d4 d5 12. e5 Ne4 13. Be3 Rb8 14. Rab1 Nxc3 15. bxc3 Qa5 16. Bd2 Qxa2 17. Ra1 Qxc2 18. Rxa6 Rb1 19. Rxb1 Qxb1+ 20. Qe1 Qb5 21. Rxa7 e6 22. Qa1 Qb3 23. Ra8 Qc2 24. Rxf8+ Bxf8 25. Qa8 Qd3 26. f5 f6 27. Bh6 Qd1+ 28. Kf2 Qc2+ 29. Kg3 gxf5 30. Qxf8# 1-0

[Event "FIDE WRBTC Blitz-Pool 2024"]
[Site "Astana"]
[Date "2024.08.05"]
[Round "7.43"]
[White "Zhuravlev, Viktor"]
[Black "Grachev, Boris"]
[Result "0-1"]
[WhiteElo "1998"]
[BlackElo "2585"]
[Annotator "ChessBase"]
[PlyCount "84"]
[EventDate "2024.08.01"]
[EventType "team-tourn"]
[EventCountry "KAZ"]
[SourceTitle "playchess.com"]
[Source "ChessBase"]
[SourceQuality "1"]

1. d4 d5 2. Nf3 Nf6 3. g3 Bf5 4. c4 e6 5. Nc3 c6 6. Qb3 Qb6 7. c5 Qxb3 8. axb3 Be7 9. b4 O-O 10. b5 cxb5 11. Nxb5 Nc6 12. Nh4 a6 13. Nxf5 exf5 14. Na3 Nxd4 15. b4 a5 16. e3 Nb3 17. Rb1 Nxc1 18. Rxc1 axb4 19. Nb5 Ne4 20. Nc7 Ra2 21. Nxd5 Bxc5 22. Bg2 Nxf2 23. O-O Nd3 24. Rcd1 Ra3 25. Rxf5 g6 26. Rg5 h6 27. Rg4 b3 28. Rb1 b2 29. Be4 Ne5 30. Rh4 Bxe3+ 31. Nxe3 Rxe3 32. Rxb2 g5 33. Rxh6 Rxe4 34. Rh5 f6 35. Rxb7 Rf7 36. Rb8+ Kg7 37. Rhh8 Kg6 38. h3 Kf5 39. Kf2 Ra7 40. Rb1 Ra2+ 41. Kf1 Ree2 42. Rf8 Rf2+ 0-1

[Event "FIDE WRBTC Blitz-Pool 2024"]
[Site "Astana"]
[Date "2024.08.05"]
[Round "7.44"]
[White "Marat, Yasmin"]
[Black "Chinguun, Sumiya"]
[Result "0-1"]
[WhiteElo "1414"]
[BlackElo "2389"]
[Annotator "ChessBase"]
[PlyCount "58"]
[EventDate "2024.08.01"]
[EventType "team-tourn"]
[EventCountry "KAZ"]
[SourceTitle "playchess.com"]
[Source "ChessBase"]
[SourceQuality "1"]

1. d4 Nf6 2. c4 g6 3. Nf3 Bg7 4. e3 O-O 5. Nc3 d6 6. Be2 Nbd7 7. O-O e5 8. dxe5 dxe5 9. e4 c6 10. Bg5 h6 11. Bh4 Qc7 12. Bg3 Nh5 13. h3 Nxg3 14. fxg3 Qb6+ 15. Kh2 Qxb2 16. Na4 Qa3 17. Nd2 Nc5 18. Rf3 Qxa4 19. Qf1 Be6 20. Bd1 Qa5 21. Nb3 Nxb3 22. Bxb3 Rad8 23. Rd1 Rxd1 24. Qxd1 Rd8 25. Rd3 Rxd3 26. Qxd3 Bf8 27. g4 Bc5 28. Qg3 Qd2 29. Qxe5 Bd6 0-1

[Event "FIDE WRBTC Blitz-Pool 2024"]
[Site "Astana"]
[Date "2024.08.05"]
[Round "7.45"]
[White "Agibileg, Uurtsaikh"]
[Black "Aitzhan, Karim"]
[Result "1-0"]
[WhiteElo "2411"]
[BlackElo "1706"]
[Annotator "ChessBase"]
[PlyCount "83"]
[EventDate "2024.08.01"]
[EventType "team-tourn"]
[EventCountry "KAZ"]
[SourceTitle "playchess.com"]
[Source "ChessBase"]
[SourceQuality "1"]

1. d4 d5 2. c4 dxc4 3. e4 e5 4. Nf3 exd4 5. Bxc4 Be6 6. Bxe6 fxe6 7. Qb3 Qd7 8. Qxb7 Qc6 9. Qc8+ Ke7 10. Bg5+ Nf6 11. Nxd4 Qxe4+ 12. Be3 Nbd7 13. Qxc7 Qxg2 14. Rf1 Kf7 15. Nc3 Bc5 16. O-O-O Rhc8 17. Qg3 Qxg3 18. fxg3 Ne5 19. Nc2 Ke7 20. Bf4 Nc4 21. Rfe1 Kf7 22. Kb1 a5 23. Na4 Ra6 24. b3 Nb6 25. Nxc5 Rxc5 26. Rd6 a4 27. Rexe6 axb3 28. axb3 Rb5 29. Nd4 Rb4 30. Be5 Ne4 31. Rc6 Nd2+ 32. Kc2 Ne4 33. Rc7+ Kf8 34. Bd6+ Nxd6 35. Rxd6 Ra2+ 36. Kc3 Nd5+ 37. Rxd5 Rb8 38. Ne6+ Kg8 39. Rxg7+ Kh8 40. Rh5 Rc8+ 41. Kd3 Rc3+ 42. Kxc3 1-0

[Event "FIDE WRBTC Blitz-Pool 2024"]
[Site "Astana"]
[Date "2024.08.05"]
[Round "7.45"]
[White "Lednikova, Elizaveta"]
[Black "Amangeldy, Ernur"]
[Result "0-1"]
[WhiteElo "1677"]
[BlackElo "2274"]
[Annotator "ChessBase"]
[PlyCount "54"]
[EventDate "2024.08.01"]
[EventType "team-tourn"]
[EventCountry "KAZ"]
[SourceTitle "playchess.com"]
[Source "ChessBase"]
[SourceQuality "1"]

1. e4 c5 2. Nc3 Nc6 3. f4 g6 4. Nf3 Bg7 5. Bc4 d6 6. d3 e6 7. a3 Nge7 8. O-O Nd4 9. Ne2 Nxf3+ 10. Rxf3 d5 11. exd5 exd5 12. Ba2 O-O 13. Nc3 Bg4 14. h3 Bxf3 15. Qxf3 Re8 16. Nxd5 Nxd5 17. Bxd5 Rb8 18. Be3 Rxe3 19. Qxe3 Bd4 20. Qxd4 cxd4 21. Bc4 b5 22. Bb3 Rc8 23. Re1 Kg7 24. Re4 Qd7 25. Kh2 Re8 26. Rxe8 Qxe8 27. Kg3 a5 0-1

[Event "FIDE WRBTC Blitz-Pool 2024"]
[Site "Astana"]
[Date "2024.08.05"]
[Round "7.46"]
[White "Assylov, Miras"]
[Black "Abdrakhmanov, Alikhan"]
[Result "1-0"]
[WhiteElo "2300"]
[BlackElo "1434"]
[Annotator "ChessBase"]
[PlyCount "62"]
[EventDate "2024.08.01"]
[EventType "team-tourn"]
[EventCountry "KAZ"]
[SourceTitle "playchess.com"]
[Source "ChessBase"]
[SourceQuality "1"]

1. e4 c6 2. d4 d5 3. e5 Bf5 4. Nf3 e6 5. Be2 Nd7 6. O-O c5 7. c4 cxd4 8. Nxd4 Bg6 9. cxd5 exd5 10. Nc3 Ne7 11. e6 fxe6 12. Nxe6 Qb6 13. Nxf8 Rxf8 14. Nxd5 Nxd5 15. Qxd5 Bf7 16. Qe4+ Qe6 17. Qxb7 Rb8 18. Qa6 Qxa6 19. Bxa6 Nc5 20. Re1+ Kd7 21. Be2 Rbe8 22. Bb5+ Kd8 23. Bg5+ Kc7 24. Bxe8 Rxe8 25. Rxe8 Bxe8 26. Rc1 Kd6 27. Be7+ Kxe7 28. Rxc5 Kd6 29. Ra5 Kc6 30. Rxa7 Kb6 31. Rxg7 Kc5 1-0

[Event "FIDE WRBTC Blitz-Pool 2024"]
[Site "Astana"]
[Date "2024.08.05"]
[Round "7.46"]
[White "Degenbayev, Altair"]
[Black "Amilal Munkhdalai"]
[Result "0-1"]
[WhiteElo "1460"]
[BlackElo "2374"]
[Annotator "ChessBase"]
[PlyCount "48"]
[EventDate "2024.08.01"]
[EventType "team-tourn"]
[EventCountry "KAZ"]
[SourceTitle "playchess.com"]
[Source "ChessBase"]
[SourceQuality "1"]

1. e4 c5 2. Nf3 Nc6 3. d4 cxd4 4. Nxd4 Qc7 5. Nb5 Qb8 6. N1c3 a6 7. Nd4 e6 8. Be2 Nf6 9. O-O Bb4 10. Nxc6 bxc6 11. Bd3 d5 12. exd5 cxd5 13. a3 Bd6 14. Re1 Bxh2+ 15. Kh1 Bd6 16. Bg5 Bb7 17. Bxf6 gxf6 18. Qf3 Be7 19. Qg4 Qd6 20. Qg7 Rf8 21. Kg1 O-O-O 22. b4 f5 23. b5 a5 24. Bf1 d4 0-1

[Event "FIDE WRBTC Blitz-Pool 2024"]
[Site "Astana"]
[Date "2024.08.05"]
[Round "7.47"]
[White "Mungunzul, Bat-Erdene"]
[Black "Bakytzhanuly, Sanzhar"]
[Result "1-0"]
[WhiteElo "2224"]
[BlackElo "1549"]
[Annotator "ChessBase"]
[PlyCount "56"]
[EventDate "2024.08.01"]
[EventType "team-tourn"]
[EventCountry "KAZ"]
[SourceTitle "playchess.com"]
[Source "ChessBase"]
[SourceQuality "1"]

1. d4 d5 2. c4 e6 3. Nc3 c6 4. Nf3 dxc4 5. a4 Bb4 6. Bd2 a5 7. e3 b5 8. axb5 Bxc3 9. Bxc3 cxb5 10. b3 Bb7 11. bxc4 b4 12. Bb2 Nf6 13. Bd3 O-O 14. O-O Nc6 15. Nd2 Qd7 16. Bc2 Rfd8 17. Ba4 Qd6 18. Rc1 Ne7 19. f3 Nf5 20. Re1 e5 21. c5 Qe7 22. Qc2 e4 23. c6 Rac8 24. fxe4 Nh4 25. d5 Ng6 26. Qd3 Ba8 27. Qd4 Ne5 28. Qxe5 Qe8 1-0

[Event "FIDE WRBTC Blitz-Pool 2024"]
[Site "Astana"]
[Date "2024.08.05"]
[Round "7.47"]
[White "Garayev, Bakhtiyar"]
[Black "Kaliakhmet, Elnaz"]
[Result "0-1"]
[WhiteElo "1494"]
[BlackElo "2137"]
[Annotator "ChessBase"]
[PlyCount "62"]
[EventDate "2024.08.01"]
[EventType "team-tourn"]
[EventCountry "KAZ"]
[SourceTitle "playchess.com"]
[Source "ChessBase"]
[SourceQuality "1"]

1. d4 Nf6 2. c4 e6 3. Nf3 Bb4+ 4. Bd2 a5 5. g3 d5 6. Bg2 O-O 7. a3 Bxd2+ 8. Nbxd2 b6 9. O-O Bb7 10. Qc2 Nbd7 11. Rad1 Rc8 12. c5 bxc5 13. dxc5 Ba6 14. Rfe1 c6 15. e4 Qe7 16. e5 Ne8 17. Nd4 Nxc5 18. Rc1 Nd3 19. Qc3 Nxc1 20. Qxa5 Qa7 21. Rxc1 Qxd4 22. Nb3 Qxb2 23. Qxa6 Rb8 24. Qxc6 Qxb3 25. a4 g6 26. a5 Ng7 27. a6 Qa2 28. Bf1 Nf5 29. Qc5 d4 30. g4 Nh4 31. Qxd4 Nf3+ 0-1

[Event "FIDE WRBTC Blitz-Pool 2024"]
[Site "Astana"]
[Date "2024.08.05"]
[Round "7.48"]
[White "Yerseit, Amir"]
[Black "Erkhembayar, Amartaivan"]
[Result "0-1"]
[WhiteElo "1534"]
[BlackElo "1962"]
[Annotator "ChessBase"]
[PlyCount "89"]
[EventDate "2024.08.01"]
[EventType "team-tourn"]
[EventCountry "KAZ"]
[SourceTitle "playchess.com"]
[Source "ChessBase"]
[SourceQuality "1"]

1. e4 b6 2. Nc3 Bb7 3. d4 e6 4. Nf3 d5 5. exd5 Bxd5 6. Nxd5 Qxd5 7. Bd3 Nf6 8. O-O c5 9. dxc5 Bxc5 10. Re1 O-O 11. Bg5 Nbd7 12. Qd2 h6 13. Be3 Bxe3 14. Rxe3 Nc5 15. a3 Rad8 16. Rd1 Ng4 17. Ree1 Nxd3 18. Qxd3 Qxd3 19. Rxd3 Rxd3 20. cxd3 Rc8 21. Nd4 Nf6 22. Nb5 Rc2 23. b3 a6 24. Nd4 Rd2 25. Nf3 Rxd3 26. Rb1 Nd5 27. h3 f6 28. a4 a5 29. Ne1 Rc3 30. Nf3 e5 31. Rd1 Nf4 32. Rd8+ Kf7 33. Rd7+ Kf8 34. Nd2 Ne2+ 35. Kf1 Nd4 36. f3 Nxb3 37. Ne4 Rc1+ 38. Kf2 Nc5 39. Nxc5 Rxc5 40. Rb7 Rc2+ 41. Kg3 Rb2 42. Rb8+ Kf7 43. Rb7+ Kg6 44. f4 Rb3+ 45. Kg4 0-1

[Event "FIDE WRBTC Blitz-Pool 2024"]
[Site "Astana"]
[Date "2024.08.05"]
[Round "7.48"]
[White "Akhmetov, Burkut"]
[Black "Batyrova, Lyayan"]
[Result "1-0"]
[WhiteElo "1400"]
[BlackElo "1409"]
[Annotator "NA"]
[PlyCount "49"]
[EventDate "2024.08.01"]
[EventType "team-tourn"]
[EventCountry "KAZ"]
[SourceTitle "playchess.com"]
[Source "ChessBase"]
[SourceQuality "1"]

1. e4 e5 2. Nc3 Nf6 3. f4 exf4 4. Nf3 Nc6 5. Bc4 Bc5 6. d4 Bb4 7. Bd3 O-O 8. O-O Bxc3 9. bxc3 d5 10. e5 Nh5 11. Bd2 f6 12. exf6 Qxf6 13. Qe2 Bg4 14. Qf2 Rae8 15. Rae1 Rxe1 16. Rxe1 Ne7 17. Ne5 Be6 18. Qf3 Qg5 19. a4 Nf5 20. Bxf5 Bxf5 21. Qxd5+ Kh8 22. Nf7+ Kg8 23. Nh6+ Kh8 24. Qg8+ Rxg8 25. Nf7# 1-0